书目信息 |
| 题名: |
轴承--转子系统动力学
|
|
| 作者: | 虞烈 , 刘恒 著 | |
| 分册: | ||
| 出版信息: | 西安 西安交通大学出版社 2001.01 |
|
| 页数: | 395页 | |
| 开本: | 26cm | |
| 丛书名: | ||
| 单 册: | ||
| 中图分类: | TH113 | |
| 科图分类: | ||
| 主题词: | 机械学:动力学 | |
| 电子资源: | ||
| ISBN: | 7-5605-1376-X | |
| 000 | 00596nam0 2200205 45 | |
| 001 | 0435021416 | |
| 005 | 2004042809434054 | |
| 010 | @a7-5605-1376-X@dCNY 33.00 | |
| 100 | @a20040428d2001 km y0chiy0120 ea | |
| 101 | 0 | @achi |
| 102 | @aCN@b610000 | |
| 200 | 1 | @a轴承--转子系统动力学@AZhou Cheng--Zhuan Zi Xi Tong Dong Li Xue@f虞烈,刘恒著@FYu Lie,Liu Heng Zhu |
| 210 | @a西安@c西安交通大学出版社@d2001.01 | |
| 215 | @a395页@d26cm | |
| 606 | 0 | @a机械学:动力学 |
| 690 | @aTH113@v3 | |
| 701 | 0 | @a虞烈@AYu Lie@4著 |
| 701 | 0 | @a刘恒@ALiu Heng@4著 |
| 801 | 0 | @aCN@bPFT@c20040428 |
| 905 | @dTH113@eY821 | |
| 轴承--转子系统动力学/虞烈,刘恒著.-西安:西安交通大学出版社,2001.01 |
| 395页;26cm |
| ISBN 7-5605-1376-X:CNY 33.00 |
| ● |
| 相关链接 |
|
|
|
正题名:轴承--转子系统动力学
索取号:TH113/Y821
 
预约/预借
| 序号 | 登录号 | 条形码 | 馆藏地/架位号 | 状态 | 备注 |
| 1 | 382550 | 203825502 | 自科库501/501自科库 32排1列5层/ [索取号:TH113/Y821] | 在馆 | |
| 2 | 382551 | 203825511 | 自科库501/501自科库 32排1列5层/ [索取号:TH113/Y821] | 在馆 | |
| 3 | 382552 | 203825520 | 自科库501/501自科库 32排1列5层/ [索取号:TH113/Y821] | 在馆 |